000 00702nas a2200241 4500
001 BR7303273
003 BR-BrBNA
005 20231205082456.0
007 ta
008 230509b bl.|||p| |||| 00| 00por d
040 _aBR-BrBNA
_bpor
_cBiblioteca Nacional de Agricultura
041 _a(Pt)
072 _aF60
100 1 _aRomeiro, R.S.
245 1 _aEnraizamento de estacas de cafeeiro (Coffea arabica L.)em leito de areia
650 _aFISIOLOGIA VEGETAL
650 _aBIOQUIMICA VEGETAL
650 _aCAFE
650 _aENRAIZAMENTO
773 0 _tSeiva (Brazil)
_xISSN 0037-1122
_g(Apr 1973), v. 33(78) p. 1-8
_wBR7303273
909 _a202311
_bLúcia
_c55
_dLúcia Elande
942 _2AGRIS
_n0
_cANA
999 _c92139
_d92139